00859nam a22002297a 450000500170000001000150001702000270003203500140005903700090007308200100008224501390009226000300023127000540026130000210031549000100033670000300034670000300037670000310040694200240043799900190046195201490048020240910104845.0 aENG-141705 a9789386552242c1995.00 aEN-125237 bDBAD a523.1 aThe ways that big history works:bCosmos, Life , Society nd our Future/cEdited by barry rodrigue , Leonid Grinin and Andrey Korotayev bPrimus BooksaDelhic2017 bDelhie110009aMukherjee Nagar Commercial Complex a523p.c24cm(hbk) vVol 3 aEd.Barry Rodrigue 971362 aEd. Leonid Grinin971363 aEd.Andrey Korotayev971364 2ddccENh523.1mWAY c178344d178344 00103VOL 340708NFICaBNbBNd2021-03-25eDBADg1995.00l1o523.1 WAYpEN-125237r2025-10-24 00:00:00s2025-10-03t1v1995.00w2024-09-10yEN